000 00702nam a2200253Ia 4500
003 OSt
005 20220926020151.0
006 a|||||r|||| 00| 0
007 ta
008 220923b |||||||| |||| 00| 0 eng d
020 _a0415919673
037 _cGeneral Book
040 _aRTL
_cRTL
_beng
041 _2eng
_aeng
082 _aX:3M, N8
100 _aOllman Bertell
_970953
245 0 _aMarket socialism
_b The debate among socialists
260 _aNew York
_bRoutledge
_c1998
300 _avii, 200p Bibliography: P 193-95
_ccm.
650 _a Economics
650 _aPopulism
_9323723
942 _hX:3M, N8
_cGB
_2CC
999 _c633495
_d633495